00682nam a2200205 i 450000100060000000300090000600500170001500700030003200800410003510000300007624500860010626000460019230000280023850500700026665000380033670000230037474000280039774000280042585200230045334932ES-MaACL20230906155025.0t|030211s1945 ag |||| | spa d1 aBonorino Udaondo, Carlos.10aTratado de patología digestiva / cCarlos Bonorino Udaondo y Mariano R. Castex. aBuenos Aires : bAniceto López, c1945. a2 v. : bil. ; c27 cm.8 aContiene: I: Patología gástrica - II: Patología intestinal04aAparato digestivo-xEnfermedades.1 aCastex, Mariano R.02aPatología gástrica.02aPatología intestinal. aES-MaACLjB-428-29